logo

Bir Sreshtho Munshi Abdur Rouf Library
Jhenaidah Cadet College

The Geological Survey of Pakistan / (Record no. 7766)

MARC details
000 -LEADER
fixed length control field 00531nam a2200217 a 4500
001 - CONTROL NUMBER
JCCL Control Number 7766
003 - CONTROL NUMBER IDENTIFIER
JCCL marc code BD-JhCC
005 - DATE AND TIME OF LATEST TRANSACTION
control field 20180213174756.0
008 - FIXED-LENGTH DATA ELEMENTS--GENERAL INFORMATION
fixed length control field 180213s1953 p |||| || | 000 0 eng d
035 ## - SYSTEM CONTROL NUMBER
system control number (BD-JhCC)7766
040 ## - CATALOGING SOURCE
Original cataloging agency BD-JhCC
Modifying agency BD-JhCC
041 ## - LANGUAGE CODE
Language code of Book eng
082 ## - DEWEY DECIMAL CLASSIFICATION NUMBER
Classification number 954
Author mark and Year CRO 1953
100 ## - MAIN ENTRY--PERSONAL NAME
Personal name Crookshank, Dr. H.
245 ## - TITLE STATEMENT
Title The Geological Survey of Pakistan /
Statement of responsibility, etc Dr. H. Crookshank,
260 ## - PUBLICATION, DISTRIBUTION, ETC. (IMPRINT)
Place of publication, distribution, etc Pakistam :
Date of publication, distribution, etc 1953.
300 ## - PHYSICAL DESCRIPTION
Pagination 68 p. :
Dimensions 24 cm.
650 ## - SUBJECT ADDED ENTRY--TOPICAL TERM
Topical term or geographic name as entry element Pakistan
942 ## - ADDED ENTRY ELEMENTS (KOHA)
Source of classification or shelving scheme Dewey Decimal Classification
Koha item type Books
Holdings
Source of classification or shelving scheme volume number Damaged status Not for loan Home library Current library Shelving location Date of accession Total Checkouts Full call number Barcode Date last seen Copy number Koha item type
Dewey Decimal Classification V-7     JCC Rouf Library JCC Rouf Library General Stacks 02/13/2018   954 CRO 1953 10288 02/13/2018 C-1 Books

JCC Library | Contacts | JCC Home

Last Update on 23 September 2017
Copyright @ 2017-2020 JCC Rouf Library
Rouf Library, Jhenidah Cadet College (JCC), Bangladesh